000
00215nam a2200097Ia 4500
008
220204s9999 xx 000 0 und d
082
_a
82-3
_b
COR
100
_a
Corelli, Marie
245
0
_a
God's good man
942
_c
BK
999
_c
29564
_d
29564